Geography of West Virginia - Statistics

General Stats
  • This quiz has been taken 27 times
  • The average score is 11 of 20
Answer Stats
Clue Answer % Correct
The entire state of West Virginia is located in this mountain range Appalachian
100%
State capital of West Virginia Charleston
95%
Name one of the two U.S. states with a higher % of forest cover Maine / New Hampshire
89%
...where it flows into this larger river Ohio
89%
Most populous state WV borders Pennsylvania
89%
Meeting place of the Potomac and Shenandoah rivers {Harper}s Ferry
84%
Nickname of West Virginia {Mountain} State
79%
Largest northern panhandle city Wheeling
79%
City with West Virginia University Morgantown
74%
Plateau in western WV {Allegheny} Plateau
58%
Second-largest city Huntington
53%
Gorge that became a national park in 2020 {New} {River} Gorge
53%
Largest eastern panhandle city Martinsburg
32%
National forest home to the above Monongahela
32%
State rock of West Virginia Coal
26%
Metro area of Jefferson County Washington
26%
River that ends at Point Pleasant Kanawha
21%
Highest point in West Virginia {Spruce} Knob
21%
Name of the state capital's airport Yeager
21%
State flower Rhododendron
16%
No matching quizzes found
Score Distribution
Percent of People with Each Score
Percentile by Number Answered
Your Score History
You have not taken this quiz